Castilla, plaza mayor de soledades (Record no. 180746)

MARC details
000 -LEADER
campo de control de longitud fija 02290nam a2200301 i 4500
001 - NÚMERO DE CONTROL
campo de control 180746
003 - IDENTIFICADOR DE NÚMERO DE CONTROL
campo de control ES-MaACL
005 - FECHA Y HORA DE LA ÚLTIMA TRANSACCIÓN
campo de control 20250316063056.0
008 - DATOS DE LONGITUD FIJA--INFORMACIÓN GENERAL
campo de control de longitud fija 120709s2001 sp a |||| |dspa d
020 ## - NÚMERO INTERNACIONAL ESTÁNDAR DEL LIBRO
Número Internacional Estándar del Libro 84-8155-767-6
080 ## - NÚMERO DE LA CLASIFICACIÓN DECIMAL UNIVERSAL
Número de la Clasificación Decimal Universal 821.134.2-14"19"
100 1# - ENTRADA PRINCIPAL--NOMBRE DE PERSONA
Nombre de persona Uña Juárez, Octavio,
Fechas asociadas al nombre 1945-
9 (RLIN) 112043
245 10 - MENCIÓN DEL TÍTULO
Título Castilla, plaza mayor de soledades
Resto del título : (antología de poesía de temario castellano) /
Mención de responsabilidad, etc. Octavio Uña ; prólogo de Pedro Laín Entralgo ; introducción de Fernando Vilches ; ilustraciones de José Luis Galicia.
250 ## - MENCION DE EDICION
Mención de edición 4ª ed., 1ª en Dykinson.
260 ## - PUBLICACIÓN, DISTRIBUCIÓN, ETC.
Lugar de publicación, distribución, etc. Madrid :
Nombre del editor, distribuidor, etc. Dykinson :
-- Universidad Rey Juan Carlos,
Fecha de publicación, distribución, etc. 2001.
300 ## - DESCRIPCIÓN FÍSICA
Extensión 265 p. :
Otras características físicas il. ;
Dimensiones 21 cm.
500 ## - NOTA GENERAL
Nota general La presente edición de Castilla, plaza mayor de soledades, la cuarta, incluye nuevos poemas de Crónicas del océano e inéditos. Y ve la luz gracias al esforzado ánimo y los muchos saberes del profesor Fernando Vilches, quien ordenó y estudió los contenidos. Desde 1988, fecha de la publicación de la tercera edición, en Zamora, estos poemas y otros que esperan ver la luz viajaron intensamente: Lisboa, Buenos Aires, San José de Costa Rica, Alejandría, Abu Simbel, El Cairo, Pekín, y una amplia geografía universitaria de Estados Unidos, México y Europa. El autor, que amplió también su itinerario académico, desde el Real Colegio Universitario María Cristina de El Escorial y la Universidad Complutense de Madrid a las universidades de Santiago de Compostela y Castilla-La Mancha, miraba siempre a la región luciente de El Escorial y se soñaba en el literario Cafetín Croché, santuario civil sanlorentino, que recoge memorias y escrituras desde Montano y Sigüenza a Ortega y Vivanco.
700 1# - ENTRADA AGREGADA--NOMBRE PERSONAL
Nombre de persona Laín Entralgo, Pedro,
Fechas asociadas al nombre 1908-2001
9 (RLIN) 69681
700 1# - ENTRADA AGREGADA--NOMBRE PERSONAL
Nombre de persona Vilches, Fernando.
9 (RLIN) 114848
700 1# - ENTRADA AGREGADA--NOMBRE PERSONAL
Nombre de persona Galicia, José Luis.
9 (RLIN) 53411
852 ## - LOCALIZACIÓN
Ubicación ES-MaACL
Número de control de estantería A-12121
itemnumber 187663
Sublocalización o colección R.147084
Ubicación en estantería Depósito 1
Signatura antigua Olim: N-5126
Encuadernación Donación: del autor Octavio Uña
852 ## - LOCALIZACIÓN
Ubicación ES-MaACL
Ubicación en estantería Depósito J
Número de control de estantería N-8899
Donativo/Legado Donación: editorial
Copia número Duplicado
Encuadernación Rústica
Nota libre En proceso
itemnumber 203916
903 ## - NOMBRE PERSONAL DE DONANTE
a Uña Juárez, Octavio,
d 1945-
e Donante
9 112043
942 ## - ELEMENTOS DE ENTRADA SECUNDARIOS (KOHA)
Fuente del sistema de clasificación o colocación Clasificación decimal universal
Tipo de ítem Koha Libro impreso
Holdings
Estatus retirado Estado de pérdida Fuente del sistema de clasificación o colocación Estado de daño No para préstamo Biblioteca de origen Biblioteca actual Ubicación en estantería Fecha de adquisición Fuente de adquisición Total de préstamos Signatura topográfica completa Código de barras Visto por última vez Precio de reemplazo Tipo de ítem Koha Restricciones de uso
    Clasificación decimal universal     Biblioteca del Ateneo de Madrid Biblioteca del Ateneo de Madrid Depósito 1 09/07/2012 Donación   A-12121 1189935 23/02/2023 23/02/2023 Libro impreso  
    Clasificación decimal universal     Biblioteca del Ateneo de Madrid Biblioteca del Ateneo de Madrid Depósito J 26/07/2024 Donación   N-8899 101228898 26/07/2024 26/07/2024 Libro impreso Duplicado